000 00408nam a2200169 a 4500
001 0000-8996
003 ELIB.Books
008 110520 1988
035 _a(ELIB.Books)0000-9145
082 _a231.044
_bBof
100 _aBoff, Leonardo
245 _aTrinity and Society
260 _bMaryknoll: Orbis Books
_c1988
650 _aGod
942 _2ddc
_cBK
998 _cbat
_e2011-05-20
999 _c8996
_d8996